000 004230000a22001570004500
003 LK-CoMWRAF
008 230817t ||||| |||| 00| 0 eng d
040 _aLK-CoMWRAF
_dLK-CoMWRAF
_eLK-CoMWRAF
041 _aeng
082 _a335THI
100 _a Thiruchandran,Selvy
245 _aThe other Victims of War
_bEmergence of Female headed Households in Eastern Sri Lanka
260 _b
_a
_c
300 _ap.151
942 _cBK
999 _c630
_d630